000 00411pab a2200145 454500
008 180718b2002 xxu||||| |||| 00| 0 eng d
100 _aAndharia, Janki
245 _aInstitutional response to disasters: changing contours of the role of an academic institution
260 _c2002
300 _ap.293-312.
362 _aApr
650 _aDisasters
773 _aIndian Journal of Social Work
909 _a59326
999 _c59326
_d59326